[Event "Novi Sad-Turkey"]
[Site "Novi Sad"]
[Date "2018.11.17"]
[Round "1"]
[White "Ozsoy, Alimert"]
[Black "Savanovic, Vuk"]
[Result "0-1"]
[WhiteElo "2079"]
[BlackElo "2272"]
[PlyCount "60"]
[EventDate "2018.11.17"]
[EventType "schev"]
[EventRounds "10"]
[EventCountry "SRB"]
[SourceTitle "CBM 187 Extra"]
[Source "ChessBase"]
[SourceDate "2018.11.04"]
[SourceVersion "1"]
[SourceVersionDate "2018.11.04"]
[SourceQuality "1"]

1. e4 c5 2. Nf3 Nc6 3. Bb5 g6 4. Bxc6 dxc6 5. d3 Bg7 6. 0-0 Nf6 7. h3 Nd7 8. c3 e5 9. Be3 0-0 10. Nbd2 Re8 11. Qb3 Nf8 12. Rad1 Ne6 13. Nc4 Qc7 14. a4 b6 15. Ng5 Nxg5 16. Bxg5 Be6 17. Qc2 f6 18. Bc1 Rad8 19. b4 cxb4 20. cxb4 Rd7 21. f4 b5 22. Na5 Qb6+ 23. Qf2 bxa4 24. Be3 Qxb4 25. Nxc6 Qd6 26. Nxa7 Qa6 27. d4 exf4 28. Qxf4 Bb3 29. e5 Bxd1 30. exf6 Qxf6 0-1

[Event "Ankara Baskent Univ op-A 3rd"]
[Site "Ankara"]
[Date "2018.08.31"]
[Round "8"]
[White "Gasimov, Parviz"]
[Black "Ozsoy, Alimert"]
[Result "0-1"]
[WhiteElo "2314"]
[BlackElo "1907"]
[PlyCount "106"]
[EventDate "2018.08.27"]
[EventType "swiss"]
[EventRounds "9"]
[EventCountry "TUR"]
[SourceTitle "CBM 187 Extra"]
[Source "ChessBase"]
[SourceDate "2018.11.04"]
[SourceVersion "1"]
[SourceVersionDate "2018.11.04"]
[SourceQuality "1"]

1. e4 c6 2. d4 d5 3. exd5 cxd5 4. c4 Nf6 5. Nc3 Nc6 6. Bg5 Be6 7. a3 Qd7 8. Bxf6 exf6 9. c5 g6 10. Bb5 Bg7 11. Nge2 0-0 12. 0-0 h5 13. b4 h4 14. Ba4 a6 15. Bb3 f5 16. Qd2 Rad8 17. Na4 Qe7 18. f4 Rfe8 19. Rfe1 h3 20. Nb6 Qh4 21. g3 Qg4 22. Kf2 g5 23. Ba4 gxf4 24. Qxf4 Nxd4 25. Bxe8 Nxe2 26. Qxg4 fxg4 27. Kxe2 Bxa1 28. Bxf7+ Kxf7 29. Rxa1 d4 30. Rf1+ Kg6 31. Rf4 Kg5 32. Kd2 Kg6 33. Na4 Rd5 34. Nb2 Rd8 35. Nd3 Kg5 36. a4 Bf5 37. Nb2 Be6 38. a5 Rd7 39. Nd3 Bf5 40. Ne5 Re7 41. Nc4 Be4 42. Rf2 Bf3 43. Na3 d3 44. Kxd3 Re1 45. Nc4 Rb1 46. Rb2 Rh1 47. Nd6 Bg2 48. Ke3 Rxh2 49. Nxb7 Rh1 50. Nd8 Re1+ 51. Kf2 Rf1+ 52. Ke3 h2 53. Ne6+ Kf6 0-1